000
00197 a2200097 4500
001
10892
100
_a
Sinha, S.
245
_a
Indian Psychology
260
_a
_b
Kegan Paul
_c
090
_c
8465
_d
8465
942
_a
NUST-CAE
_c
M
_c
35228
999
_c
245965
_d
245965